香港隧道小測 A Small Test on Hong Kong Tunnels - Statistics

General Stats
  • This quiz has been taken 13 times
  • The average score is 10 of 23
Answer Stats
Answer % Correct
海底隧道 Cross-Harbour Tunnel
90%
香港仔隧道 Aberdeen Tunnel
80%
尖山隧道 Eagle’s Nest Tunnel
70%
東區海底隧道 Eastern Harbour Crossing
70%
大老山隧道 Tate’s Cairn Tunnel
70%
將軍澳—藍田隧道 Tseung Kwan O—Lam Tin Tunnel
70%
獅子山隧道 Lion Rock Tunnel
60%
大欖隧道 Tai Lam Tunnel
60%
西區海底隧道 Western Harbour Crossing
60%
城門隧道 Shing Mun Tunnel
50%
大圍隧道 Tai Wai Tunnel
40%
將軍澳隧道 Tseung Kwan O Tunnel
40%
長青隧道 Cheung Tsing Tunnel
30%
愉景灣隧道 Discovery Bay Tunnel
30%
啟德隧道 Kai Tak Tunnel
30%
屯門—赤鱲角隧道 Tuen Mun—Chek Lap Kok Tunnel
30%
機場隧道 Airport Tunnel
20%
龍山隧道 Lung Shan Tunnel
20%
南灣隧道 Nam Wan Tunnel
20%
觀景山隧道 Scenic Hill Tunnel
20%
沙田嶺隧道 Sha Tin Heights Tunnel
20%
中環及灣仔繞道隧道 Central—Wan Chai Bypass Tunnel
10%
長山隧道 Cheung Shan Tunnel
10%
No matching quizzes found
Score Distribution
Percent of People with Each Score
Percentile by Number Answered
Your Score History
You have not taken this quiz